| 000 | 00435nam a2200169Ia 4500 | ||
|---|---|---|---|
| 008 | 220216s9999 xx 000 0 und d | ||
| 100 | _aJacob C J | ||
| 245 | 0 | _aUtilization of powdered EPDM scrap in EPDM compound | |
| 260 |
_bRubber Chemistry and Technology _c2003 |
||
| 300 | _a36-59 | ||
| 650 | _aEPDM compound | ||
| 650 | _aEPDM vulcanizate | ||
| 700 | _aBhowmick A K | ||
| 700 | _aDe P P | ||
| 700 | _aDe S K | ||
| 942 | _cJS | ||
| 999 |
_c72033 _d72033 |
||